Naufragios /

Guardado en:
Autor Principal: Nuñez Cabeza de Vaca, Alvar.
Otros Autores: Severin, Dorothy S.; ed.
Formato: Libro
Idioma:Undetermined
Publicado: Buenos Aires : Hyspamerica, 1984.
Edición:1a ed.
Series:Historia Universal de la Literatura ; 61
Materias:
Etiquetas: Agregar Etiqueta
Sin Etiquetas, Sea el primero en etiquetar este registro!
LEADER 02927nam a22001935a 4500
001 CEM.cems024454
008 250204s1984####ag############000#0#und#d
005 20250204173137.0
245 1 0 |a Naufragios /  |c Alvar Nuñez Cabeza de Vaca. 
250 |a 1a ed. 
260 |a Buenos Aires :  |b Hyspamerica,  |c 1984. 
300 |a 175 p. 
490 1 |a Historia Universal de la Literatura ;  |v 61 
505 0 |a Proemio -- Capítulo I: En que cuenta cuándo partió la armada, y los oficiales y gente que en ella iba -- Capítulo II: Cómo el gobernador vino al puerto de Xagua y trajo consigo a un piloto -- Capítulo III: Cómo llegamos a la Florida -- Capítulo IV: Cómo entramos por la tierra -- Capítulo V: Cómo dejó los navíos el gobernador -- Capítulo VI: Cómo llegamos a Apalache -- Capítulo VII: De la manera que es la tierra -- Capítulo VIII: Cómo partimos de Aute -- Capítulo IX: Cómo partimos de bahía de Caballos -- Capítulo X: De la refriega que nos dieron los indios -- Capítulo XI: De lo que acaeció a Lope de Oviedo con unos indios -- Capítulo XII: Cómo los indios nos trajeron de comer -- Capítulo XIII: Cómo supimos de otros cristianos -- Capítulo XIV: Cómo se partieron los cuatro cristianos -- Capítulo XV: De lo que nos acaeció en la isla de Mal Hado -- Capítulo XVI: Cómo se partieron los cristianos de la isla de Mal Hado -- Capítulo XVII: Cómo vinieron los indios y trajeron a Andrés Dorantes y a Castillo y a Estebanico -- Capítulo XVIII: De la relación que dio Esquivel -- Capítulo XIX: De cómo nos apartaron los indios -- Capítulo XX: De cómo nos huimos -- Capítulo XXI: De cómo curamos aquí unos dolientes -- Capítulo XXII: Cómo otro día nos trajeron otros enfermos -- Capítulo XXIII: Cómo nos partimos después de haber comido los perros -- Capítulo XXIV: De las costumbres de los indios de aquella tierra -- Capítulo XXV: Cómo los indios son prestos a un arma -- Capítulo XXVI: De las naciones y lenguas -- Capítulo XXVII: De cómo nos mudamos y fuimos bien recibidos -- Capítulo XXVIII: De otra nueva costumbre -- Capítulo XXIX: De cómo se robaban los unos a los otros -- Capítulo XXX: De cómo se mudó la costumbre de recibirnos -- Capítulo XXXI: De cómo seguimos el camino del maíz -- Capítulo XXXII: De cómo nos dieron los corazones de los venados -- Capítulo XXXIII: Cómo vimos rastro de cristianos -- Capítulo XXXIV: De cómo envié por los cristianos -- Capítulo XXXV: De cómo el alcalde mayor nos recibió bien la noche que llegamos -- Capítulo XXXVI: De cómo hicimos hacer iglesias en aquella tierra -- Capítulo XXXVII: De lo que aconteció cuando me quise venir -- Capítulo XXXVIII: De lo que sucedió a los demás que entraron en las Indias 
020 |a 9506141428 
100 1 |a Nuñez Cabeza de Vaca, Alvar. 
700 1 |a Severin, Dorothy S.; ed. 
653 |a Relatos de viajes 
859 |a CEMS  |b BIB. CEMS - 11 de abril  |h 910.4  |i N889  |p 29704.24  |t Ej.1